000 00823nam a2200277 c 4500
999 _c56472
_d56472
003 BLK
005 20220727121710.0
008 180408b bul|||||r ||||||| ||bul||
010 _aKNG00060453000
040 _aBLK
041 _aBUL
_cBUL
080 _aОбща ботаника
_b581
_x(075.8)
_z581(075.8)
100 1 _aВълев, Стою
_eпърви автор
_9286901
139 _aВълев, Стою
245 1 0 _aБотаника
_bУчебник за фармацевти
_cСтою Вълев.
250 _a2. изд
257 _aBGR
260 _bМедицина и физкултура
_c1972
_aСофия
300 _a472 с.
_c21 см
380 _a5
852 _aЦб 63667
856 4 _qpdf
856 4 _qpdf
942 _cKNG
_n0
_s1
944 _aCR
_c13.06.2004
_kЧиталня
944 _aED
_c13.08.2015
999 _d56472